| 000 | 00420nam a2200157 4500 | ||
|---|---|---|---|
| 001 | 113752 | ||
| 003 | ES-MaACL | ||
| 005 | 20230906190010.0 | ||
| 007 | t| | ||
| 008 | 061121s1970 sp r ||||1| spa d | ||
| 100 | 1 |
_aPacheco, Manuel. _988127 |
|
| 245 | 1 | 0 |
_aPoesÃa en la tierra / _cManuel Pacheco. |
| 260 |
_aAlgorta (Vizcaya) : _bZero, _c1970. |
||
| 300 |
_a66 p. ; _c17 cm. |
||
| 852 |
_aES-MaACL _jC-40486 _bR.74960 |
||
| 999 |
_c113752 _d113752 |
||